Nghịch lý của hôn nhân

Tìm hiểu những vấn đề, mâu thuẫn trong hôn nhân như chu kì tình cảm của đàn ông và phụ nữ, ác cảm tình dục, sự ghen tuông của đàn ông, những tín hiệu không lời...

সংরক্ষণ করুন:
গ্রন্থ-পঞ্জীর বিবরন
প্রধান লেখক: Trịnh Trung Ho
বিন্যাস: গ্রন্থ
ভাষা:Vietnamese
প্রকাশিত: H. Thanh niên 2006
বিষয়গুলি:
ট্যাগগুলো: ট্যাগ যুক্ত করুন
কোনো ট্যাগ নেই, প্রথমজন হিসাবে ট্যাগ করুন!
Thư viện lưu trữ: Mạng thư viện Đại học Đà Nẵng
LEADER 01285aam a22003498a 4500
001 000014687
003 11057
005 20120514080525.0
008 120511s2006 viesd
020 |c 29000đ  |d 1000b 
041 |a vie 
082 |2 14  |a 306.7  |b TR-H 
084 |a Ô550.53 
084 |b NGH000L 
100 1 |a Trịnh Trung Hoà 
245 |a Nghịch lý của hôn nhân  |c Trịnh Trung Hoà 
260 |a H.  |b Thanh niên  |c 2006 
300 |a 246tr.  |c 19cm 
520 |a Tìm hiểu những vấn đề, mâu thuẫn trong hôn nhân như chu kì tình cảm của đàn ông và phụ nữ, ác cảm tình dục, sự ghen tuông của đàn ông, những tín hiệu không lời... 
650 7 |2 Bộ TK TVQG  |a Hôn nhân 
650 7 |2 Bộ TK TVQG  |a Gia đình 
650 7 |2 Bộ TK TVQG  |a Xã hội học 
OWN |a LSP 
AVA |a UDN50  |b LSP  |d 306.7 TR-H  |e available  |t Error 5001 Not defined in file expand_doc_bib_avail.  |f 3  |g 0  |h N  |i 0  |k 1 
999 |a From the UDN01 
AVA |a UDN50  |b LSP  |d 306.7 TR-H  |e available  |t Error 5001 Not defined in file expand_doc_bib_avail.  |f 3  |g 0  |h N  |i 0  |k 1 
TYP |a Monograph 
TYP |a Printed language 
980 |a Mạng thư viện Đại học Đà Nẵng